Principles of Marketing (Record no. 2064)

MARC details
000 -LEADER
fixed length control field 00384nam a22001697a 4500
005 - DATE AND TIME OF LATEST TRANSACTION
control field 20160528124343.0
008 - FIXED-LENGTH DATA ELEMENTS--GENERAL INFORMATION
fixed length control field 160528b xxu||||| |||| 00| 0 eng d
020 ## - INTERNATIONAL STANDARD BOOK NUMBER
ISBN 81-317-1547-7
041 ## - LANGUAGE CODE
Language code of text/sound track or separate title eng
082 ## - DEWEY DECIMAL CLASSIFICATION NUMBER
Item number 5819
100 ## - MAIN ENTRY--AUTHOR NAME
Personal name Kotler, & Aemstrong
245 ## - TITLE STATEMENT
Title Principles of Marketing
260 ## - PUBLICATION, DISTRIBUTION, ETC. (IMPRINT)
Name of publisher Pearsons
300 ## - PHYSICAL DESCRIPTION
Number of Pages 557
650 ## - SUBJECT ADDED ENTRY--TOPICAL TERM
Topical Term Management
942 ## - ADDED ENTRY ELEMENTS (KOHA)
Koha item type Books
Holdings
Lost status Damaged status Collection code Home library Current library Shelving location Date acquired Cost, normal purchase price Full call number Accession Number Koha item type
    MANAGEMENT JRU Library JRU Library SHELF- 66 E 28/05/2016 525.00 5819 5819 Books
    Reference JRU Library   SHELF-28-J 28/05/2016 525.00 5819 5820 Books
      JRU Library   SHELF- 66 E 28/05/2016 525.00 5819 5821 Books
      JRU Library   SHELF- 66 E 28/05/2016 525.00 5819 5822 Books